| 000 | 00485nam a2200193Ia 4500 | ||
|---|---|---|---|
| 008 | 170918s9999 xx 000 0 und d | ||
| 020 | _a9789810704742 | ||
| 050 | _bG866go [2012] | ||
| 100 | _aGrindley, Sally | ||
| 245 | _aGoat in a boat / | ||
| 245 | _cby Sally Grindley ; illustrated by | ||
| 260 | _aNew York : | ||
| 260 | _bScholastic, | ||
| 260 | _c[2012] | ||
| 300 | _a24 pages : | ||
| 300 | _billustrations ; | ||
| 300 | _c20cm. | ||
| 300 | _eI love reading phonics. | ||
| 999 |
_c344081 _d344081 |
||